000 00282nam a2200109Ia 4500
008 190912s9999||||xx |||||||||||||| ||und||
100 _aWAP Professional study
245 0 _aF8 ACCA Audit and Assurance
260 _aLahore
_b Professional study
_c2012
300 _a588
942 _cBK
999 _c7550
_d7550